Distributed constraint satisfaction : foundations of cooperation in multi-agent systems /

Bibliographic Details
Main Author: Yokoo, Makoto
Format: Book
Language:English
Published: Berlin ; New York : Springer, 2000.
Series:Springer series on agent technology.
Subjects:

MARC

Tag First Indicator Second Indicator Subfields
LEADER 00000cam a22000004a 4500
001 in00001599721
005 20151022183034.0
008 001107s2000 gw b 001 0 eng
010 |a  00066054  
020 |a 3540675965 (pbk. : alk. paper) 
035 |a (OCoLC)ocm45363618 
040 |a DLC  |c DLC  |d OHX  |d C#P  |d TXA  |d UtOrBLW 
042 |a pcc 
049 |a TXAM 
050 0 0 |a QA76.76.I58  |b Y65 2000 
072 7 |a QA  |2 lcco 
082 0 0 |a 006.3  |2 21 
100 1 |a Yokoo, Makoto. 
245 1 0 |a Distributed constraint satisfaction :  |b foundations of cooperation in multi-agent systems /  |c Makoto Yokoo. 
264 1 |a Berlin ;  |a New York :  |b Springer,  |c 2000. 
300 |a xv, 143 pages :  |b illustrations ;  |c 25 cm. 
336 |a text  |b txt  |2 rdacontent 
337 |a unmediated  |b n  |2 rdamedia 
338 |a volume  |b nc  |2 rdacarrier 
490 1 |a Springer series on agent technology 
504 |a Includes bibliographical references (pages [137]-141) and index. 
650 0 |a Intelligent agents (Computer software) 
650 0 |a Distributed artificial intelligence. 
830 0 |a Springer series on agent technology. 
938 |a Otto Harrassowitz  |b HARR  |n har005134679  |c 69.00 DEM 
948 |a cataloged  |b h  |c 2001/3/23  |d c  |e cmulkey  |f 2:28:06 pm 
994 |a E0  |b TXA 
999 |a MARS 
999 f f |s e456c574-e6cf-3d4f-9862-203157d7dd08  |i 85a72919-6c4c-3c8b-a6c8-756b92e86dbb  |t 0 
952 f f |p normal  |a Texas A&M University  |b College Station  |c Sterling C. Evans Library  |d Evans: Library Stacks  |t 0  |e QA76.76.I58 Y65 2000  |h Library of Congress classification  |i unmediated -- volume  |m A14827379061 
998 f f |a QA76.76.I58 Y65 2000  |t 0  |l Evans: Library Stacks